000 00273nam a2200121Ia 4500
008 231106s2014 xx 000 0 und d
041 _aeng
082 _a751.42
100 _aFIONA PEART
245 _aCUBISM AND CULTURE
260 _bSEARCH PRESS
_c2014
300 _aP-144
999 _c920222
_d920222